000 00692nam a2200217 i 4500
001 78768
003 ES-MaACL
005 20230906173816.0
007 t|
008 041015s1972 sp ||||1| spa d
100 1 _aHegel, Georg Wilhelm Friedrich.
_962316
245 1 3 _aLa constitución de Alemania /
_cG.W.F. Hegel ; introducción, traducción y notas de Dalmacio Negro Pavón.
250 _a[1ª ed.].
260 _a[Madrid] :
_bAguilar,
_c[1972]
300 _aLII, 274 p. ;
_c19 cm.
490 1 _aIniciación. Política
700 1 _aNegro Pavón, Dalmacio.
_985316
830 0 _aIniciación. Política
_9183605
852 _aES-MaACL
_jC-43602
_bR.82945
999 _c78768
_d78768